| 000 | 00698nam a2200241Ia 4500 | ||
|---|---|---|---|
| 008 | 191130s1998##################000#0#eng## | ||
| 020 | _a9780412804601 | ||
| 022 | _a97075126 | ||
| 040 |
_aACL _cACL |
||
| 082 | _a592.4 KEA | ||
| 100 | _aKearn, Graham C | ||
| 245 |
_aParasitism and the platyhelminths _cGraham C. Kearn |
||
| 250 | _a1st ed | ||
| 260 |
_aLondon _bChapman & Hall _c1998 |
||
| 300 | _axii, 544 p. : ill. ; 26 cm | ||
| 500 | _aIncludes bibliographical references (p. [484]-525) and index | ||
| 650 | _aHost-parasite relationships | ||
| 650 | _aPlatyhelminthes | ||
| 650 | _aSymbiosis | ||
| 990 | _a8b236b8cac10000c50610f178dfc6dc9 | ||
| 991 | _a200466 | ||
| 999 |
_c31690 _d31690 |
||